Представление документа в формате RUSMARC

ПолеНазваниеЗначение
  Тип записи a
  Библиографический уровень a
001 Контрольный номер UONB/MAIN/6bc56e71713b4f1aa693499fba953fd4
005 Дата корректировки 20260505134317.7
100 Данные общей обработки __
a Данные общей обработки 20260505 ||| 0rusy0189 ca
101 Язык документа 0_
a Язык текста rus
102 Страна публикации __
a Страна публикации RU
200 Заглавие и сведения об ответственности 1_
a Заглавие Сердце, отданное детям
f Первые сведения об ответственности М. В. Строкова
203 Вид содержания и тип средства __
a Вид содержания Текст
b Характеристика содержания визуальный
c Тип средства непосредственный
215 Физическое описание __
c Иллюстрации/тип воспроизводства ил., фот.
330 Аннотация __
a Аннотация 75-летний юбилей Л. С. Гориной - ветерана педагогического труда, учителя Вязовской школы Радищевского района.
461 Уровень набора _0
1 2000
a Восход
463 Уровень физической единицы _0
1 2000
a № 12 (9752) (25 марта)
v С. 4
1 2101
d 2026
1 001UONB/MAIN/df58dc6fded241fb882a3b7d6975cfb3
600 Персоналии _1
a Персоналии (Фамилия) Горина
b Персоналии (Имя, инициалы) Л. С.
g Полное имя Любовь Степановна
607 Географические рубрики __
a Географическое наименование Вязовка, село (Радищевский район ; Ульяновская область)
610 Ключевые слова 0_
a Ключевые слова ветераны труда; юбилеи; сельские учителя; ветераны педагогического труда
686 Индексы других классификаций __
a Классификационный индекс 74.037-8
700 Автор _1
a Фамилия Строкова
b Имя (инициалы) М. В.
801 Источник записи _0
a Страна RU
b Организация Ульяновская ОНБ
c Дата составления 20260505
g Правила каталогизации RCR
801 Источник записи _1
a Страна RU
b Организация Ульяновская ОНБ
c Дата составления 20260505
g Правила каталогизации RCR
901 Тип документа __
t Тип документа f
w Контрольный № источника UONB/MAIN/df58dc6fded241fb882a3b7d6975cfb3
909 Создатель записи __
a Создатель записи Кулагина
b Дата создания записи 20260505